00264 a2200121 4500001000700000020002200007040001100029100002200040240003400062245002900096300000800125362000900133193061 a978-85-00-02091-9 cMagnum aGhahramani, Zarah10aMinha vida como traidoralpor10aMinha vida como traidora a2540 a2009